NIL : (Registro nro. 37236)
[ vista simple ]
| 000 -CABECERA | |
|---|---|
| Longitud fija campo de control | 01210nam a2200193 4500 |
| 003 - • IDENTIFICADOR DELl NÚMERO DE CONTROL | |
| Identificador del número de control | CO-ViMGA |
| 020 ## - • NÚMERO INTERNACIONAL NORMALIZADO PARA LIBROS | |
| Número Internacional Normalizado para Libros (ISBN) | 9789583056963 |
| 040 ## - FUENTE DE LA CATALOGACIÓN | |
| Centro catalogador de origen | CO-ViMGA |
| Lengua de catalogación | spa |
| Centro transcriptor | CO-ViMGA |
| 082 04 - • NÚMERO DE LA CLASIFICACIÓN DECIMAL DEWEY | |
| Número de clasificación (R) | 813 |
| Número del ítem | M434n |
| 100 1# - • PUNTO DE ACCESO PRINCIPAL-NOMBRE DE PERSONA | |
| Nombre de persona | Matson, Lynne |
| 245 10 - • TITULO PROPIAMENTE DICHO | |
| Título | NIL : |
| Resto del título | Como escapar de una isla que no existe? / |
| Mención de responsabilidad, etc. | Lynne Matson ; traducción Gina Marcela Orozco Velásquez |
| 300 ## - • DESCRIPCIÓN FÍSICA | |
| Extensión | 408 paginas ; |
| Otras características físicas | 23 cm. |
| 520 ## - • NOTA DE RESUMEN | |
| Resumen, etc, | En la isla de Nil, las reglas están fijada. Tienes 365 días para escapar... o mueres. Charley, de 17 años, no conoce las reglas. Ni siquiera sabe dónde está. Solo recuerda haber perdido el conocimiento y despertar desnuda en unas rocas. Perdida y sola, no encuentra señales de otras personas hasta que conoce a Thad, el líder de un clan de adolescentes. Pronto descubre que escapar de la isla es más difícil de lo que pensaba... al igual que enamorarse. Con el tiempo de Thad a punto de acabarse, debe salvarlo primero a él para preservar su futuro...tomado de la contraportada del libro |
| 650 14 - • PUNTO DE ACCESO ADICIONAL DE MATERIA - TÉRMINO DE MATERIA | |
| Término de materia o nombre geográfico como elemento inicial | Literatura estadounidense |
| 650 14 - • PUNTO DE ACCESO ADICIONAL DE MATERIA - TÉRMINO DE MATERIA | |
| Término de materia o nombre geográfico como elemento inicial | Novela estadounidense |
| 700 1# - • PUNTO DE ACCESO ADICIONAL - NOMBRE DE PERSONA | |
| Nombre de persona | Orozco Velásquez, Gina Marcela |
| 942 ## - ENTRADA DE ELEMENTOS AGREGADOS (KOHA) | |
| Fuente de clasificaión o esquema | Dewey Decimal Classification |
| Koha [por defecto] tipo de item | LIbro |
| Perdido | Fuente de clasificación o esquema | Estado Físico | No para préstamo | Forma de adquisición | Localización permanente | Localización actual | Fecha adquisición | Préstamos totales | Signatura completa | Código de barras | Fecha última consulta | Fecha del precio de reemplazo | Tipo de item de Koha | Fecha último préstamo |
|---|---|---|---|---|---|---|---|---|---|---|---|---|---|---|
| Dewey Decimal Classification | Sala General Segundo Piso | Biblioteca Pública Germán Arciniegas - Villavicencio | Biblioteca Pública Germán Arciniegas - Villavicencio | 03/26/2020 | 813 M434n | 33080 | 03/26/2020 | 03/26/2020 | LIbro | |||||
| Dewey Decimal Classification | Sala General Segundo Piso | Biblioteca Pública Germán Arciniegas - Villavicencio | Biblioteca Pública Germán Arciniegas - Villavicencio | 03/26/2020 | 1 | 813 M434n | 33081 | 05/13/2025 | 03/26/2020 | LIbro | 03/21/2025 |